<?xml version="1.0" encoding="UTF-8"?>
<record
    xmlns:xsi="http://www.w3.org/2001/XMLSchema-instance"
    xsi:schemaLocation="http://www.loc.gov/MARC21/slim http://www.loc.gov/standards/marcxml/schema/MARC21slim.xsd"
    xmlns="http://www.loc.gov/MARC21/slim">

  <leader>01062nam a22001937a 4500</leader>
  <controlfield tag="005">20250331161253.0</controlfield>
  <controlfield tag="008">240214b        |||||||| |||| 00| 0 eng d</controlfield>
  <datafield tag="020" ind1=" " ind2=" ">
    <subfield code="a">978-93-92242-91-5</subfield>
  </datafield>
  <datafield tag="041" ind1=" " ind2=" ">
    <subfield code="a">Eng</subfield>
  </datafield>
  <datafield tag="082" ind1=" " ind2=" ">
    <subfield code="a">AD 610.7 BAL DB1237</subfield>
  </datafield>
  <datafield tag="100" ind1=" " ind2=" ">
    <subfield code="a">Balasubramanian N</subfield>
  </datafield>
  <datafield tag="245" ind1=" " ind2=" ">
    <subfield code="a">Textbook of Educational Technology/Nursing Education for BSc Nursing Students Semester-V</subfield>
  </datafield>
  <datafield tag="260" ind1=" " ind2=" ">
    <subfield code="b">Vision Health Sciences Publishers</subfield>
    <subfield code="c">2023</subfield>
    <subfield code="a">Punjab</subfield>
  </datafield>
  <datafield tag="300" ind1=" " ind2=" ">
    <subfield code="a">392p</subfield>
  </datafield>
  <datafield tag="365" ind1=" " ind2=" ">
    <subfield code="b">550.00</subfield>
  </datafield>
  <datafield tag="500" ind1=" " ind2=" ">
    <subfield code="a">The book is written in a best attractive and informative language and as per
the New INC Syllabus for BSc Nursing Students.
Additional information (Add on), High Tips, Important consideration are having the
latest and updated information related to the content.
Question bank with multiple choice questions with their answer key are given for
student practice.
Online complimentary access to PowerPoint lectures of each chapter.
Content of the book have been reviewed by eminent nursing professionals</subfield>
  </datafield>
  <datafield tag="650" ind1=" " ind2=" ">
    <subfield code="a"> Nursing Education</subfield>
    <subfield code="9">205263</subfield>
  </datafield>
  <datafield tag="942" ind1=" " ind2=" ">
    <subfield code="c">BK</subfield>
  </datafield>
  <datafield tag="999" ind1=" " ind2=" ">
    <subfield code="c">357101</subfield>
    <subfield code="d">357101</subfield>
  </datafield>
  <datafield tag="952" ind1=" " ind2=" ">
    <subfield code="0">0</subfield>
    <subfield code="1">0</subfield>
    <subfield code="2">ddc</subfield>
    <subfield code="4">0</subfield>
    <subfield code="7">0</subfield>
    <subfield code="a">BTIN</subfield>
    <subfield code="b">BTIN</subfield>
    <subfield code="d">2024-02-13</subfield>
    <subfield code="g">550.00</subfield>
    <subfield code="i">68</subfield>
    <subfield code="l">17</subfield>
    <subfield code="m">17</subfield>
    <subfield code="o">AD 610.7 BAL DB1237</subfield>
    <subfield code="p">BTIN-DB-1237</subfield>
    <subfield code="r">2026-02-24 15:04:11</subfield>
    <subfield code="s">2026-02-13</subfield>
    <subfield code="w">2024-02-14</subfield>
    <subfield code="y">DB</subfield>
    <subfield code="z">DB1237</subfield>
  </datafield>
  <datafield tag="952" ind1=" " ind2=" ">
    <subfield code="0">0</subfield>
    <subfield code="1">0</subfield>
    <subfield code="2">ddc</subfield>
    <subfield code="4">0</subfield>
    <subfield code="7">0</subfield>
    <subfield code="a">SNCN</subfield>
    <subfield code="b">SNCN</subfield>
    <subfield code="d">2024-12-05</subfield>
    <subfield code="e">29</subfield>
    <subfield code="g">396.15</subfield>
    <subfield code="l">16</subfield>
    <subfield code="m">3</subfield>
    <subfield code="o">371.33/BAL</subfield>
    <subfield code="p">SNCN-BK-3555</subfield>
    <subfield code="r">2026-02-17 11:14:27</subfield>
    <subfield code="s">2026-02-03</subfield>
    <subfield code="v">570.00</subfield>
    <subfield code="w">2024-12-05</subfield>
    <subfield code="y">BK</subfield>
    <subfield code="z">3555</subfield>
  </datafield>
  <datafield tag="952" ind1=" " ind2=" ">
    <subfield code="0">0</subfield>
    <subfield code="1">0</subfield>
    <subfield code="2">ddc</subfield>
    <subfield code="4">0</subfield>
    <subfield code="7">0</subfield>
    <subfield code="a">SNCN</subfield>
    <subfield code="b">SNCN</subfield>
    <subfield code="d">2024-12-05</subfield>
    <subfield code="e">29</subfield>
    <subfield code="g">396.15</subfield>
    <subfield code="l">7</subfield>
    <subfield code="m">1</subfield>
    <subfield code="o">371.33 BAL</subfield>
    <subfield code="p">SNCN-BK-3554</subfield>
    <subfield code="q">2026-05-28</subfield>
    <subfield code="r">2026-05-13 11:12:05</subfield>
    <subfield code="s">2026-05-13</subfield>
    <subfield code="v">570.00</subfield>
    <subfield code="w">2024-12-05</subfield>
    <subfield code="y">BK</subfield>
    <subfield code="z">3554</subfield>
  </datafield>
  <datafield tag="952" ind1=" " ind2=" ">
    <subfield code="0">0</subfield>
    <subfield code="1">0</subfield>
    <subfield code="2">ddc</subfield>
    <subfield code="4">0</subfield>
    <subfield code="7">0</subfield>
    <subfield code="a">SNCN</subfield>
    <subfield code="b">SNCN</subfield>
    <subfield code="d">2024-12-05</subfield>
    <subfield code="e">29</subfield>
    <subfield code="g">396.15</subfield>
    <subfield code="l">19</subfield>
    <subfield code="m">2</subfield>
    <subfield code="o">371.33/BAL</subfield>
    <subfield code="p">SNCN-BK-3556</subfield>
    <subfield code="r">2026-05-13 06:07:46</subfield>
    <subfield code="s">2026-01-02</subfield>
    <subfield code="v">570.00</subfield>
    <subfield code="w">2024-12-05</subfield>
    <subfield code="y">BK</subfield>
    <subfield code="z">3556</subfield>
  </datafield>
  <datafield tag="952" ind1=" " ind2=" ">
    <subfield code="0">0</subfield>
    <subfield code="1">0</subfield>
    <subfield code="2">ddc</subfield>
    <subfield code="4">0</subfield>
    <subfield code="7">0</subfield>
    <subfield code="a">SNCN</subfield>
    <subfield code="b">SNCN</subfield>
    <subfield code="d">2024-12-05</subfield>
    <subfield code="e">29</subfield>
    <subfield code="g">396.15</subfield>
    <subfield code="l">4</subfield>
    <subfield code="m">1</subfield>
    <subfield code="o">371.33/BAL</subfield>
    <subfield code="p">SNCN-BK-3553</subfield>
    <subfield code="r">2025-03-03 00:00:00</subfield>
    <subfield code="s">2025-01-29</subfield>
    <subfield code="v">570.00</subfield>
    <subfield code="w">2024-12-05</subfield>
    <subfield code="y">BK</subfield>
    <subfield code="z">3553</subfield>
  </datafield>
  <datafield tag="952" ind1=" " ind2=" ">
    <subfield code="0">0</subfield>
    <subfield code="1">0</subfield>
    <subfield code="2">ddc</subfield>
    <subfield code="4">0</subfield>
    <subfield code="7">0</subfield>
    <subfield code="a">SNCN</subfield>
    <subfield code="b">SNCN</subfield>
    <subfield code="d">2024-12-05</subfield>
    <subfield code="e">29</subfield>
    <subfield code="g">396.15</subfield>
    <subfield code="l">7</subfield>
    <subfield code="m">1</subfield>
    <subfield code="o">371.33/BAL</subfield>
    <subfield code="p">SNCN-BK-3557</subfield>
    <subfield code="q">2026-07-07</subfield>
    <subfield code="r">2026-05-13 11:03:54</subfield>
    <subfield code="s">2026-05-13</subfield>
    <subfield code="v">570.00</subfield>
    <subfield code="w">2024-12-05</subfield>
    <subfield code="y">BK</subfield>
    <subfield code="z">3557</subfield>
  </datafield>
</record>
